Представление документа в формате RUSMARC

ПолеНазваниеЗначение
  Тип записи a
  Библиографический уровень m
001 Контрольный номер RU/УОНБ/EK/506603071
005 Дата корректировки 20240130235103.9
100 Данные общей обработки __
a Данные общей обработки 20160120g2015 u y0rusy0189||||ca
101 Язык документа 0_
a Язык текста rus
102 Страна публикации __
a Страна публикации RU
105 Кодированные данные (монография) __
a Кодированные данные (монография) y z 000yy
200 Заглавие и сведения об ответственности 1_
a Заглавие А.Т. Твардовский: исследования и материалы
e Сведения, относящиеся к заглавию сб. науч. трудов
f Первые сведения об ответственности М-во образования и науки РФ, Смол. гос. ун-т, Смол. центр изучения творчества А.Т. Твардовского
210 Выходные данные 1_
a Место издания Смоленск
c Издательство СмолГУ
d Дата издания 2010 -
215 Физическое описание __
d Формат 23 см
686 Индексы других классификаций __
2 Код системы rubbk
712 Наименование организации (Вторичная ответственность) 02
a Организация/ юрисдикция Смоленский государственный университет
b Другие уровни Смоленский центр изучения творчества А.Т. Твардовского
4 Код отношения 570
801 Источник записи _0
a Страна RU
b Организация Ульяновская ОНБ
c Дата составления 20160120
g Правила каталогизации RCR
801 Источник записи _1
a Страна RU
b Организация Ульяновская ОНБ
c Дата составления 20160120
g Правила каталогизации RCR
901 Тип документа __
t Тип документа v
909 Создатель записи __
a Создатель записи Макушик
938 Служебная информация __
a Имя БД books
b Имя библиотеки УОНБ
c Имя АИБС МАРК-SQL
d Номер DOC_ID в БД 320901